000 00277nam a2200121 i 4500
001 bg
245 0 _aSignalnaja informacija :
_bFizika. Plazma. Nr 5.
260 _aMoskwa,
_c1972.
040 _cBPK
041 _apol
942 _cKS
008 s pl f |000 0 pol
999 _c15114
_d15114
856 _uhttp://koha.tu.koszalin.pl/cgi-bin/koha/opac-detail.pl?biblionumber=15114
_yKatalog online BPK